Un enfoque práctico para la sustentabilidad / (Record no. 217352)
[ view plain ]
| 000 -CABECERA | |
|---|---|
| campo de control de longitud fija | 00686 a2200193 4500 |
| 003 - IDENTIFICADOR DEL NÚMERO DE CONTROL | |
| campo de control | OSt |
| 005 - FECHA Y HORA DE LA ÚLTIMA TRANSACCIÓN | |
| campo de control | 20230322112117.0 |
| 008 - DATOS DE LONGITUD FIJA--INFORMACIÓN GENERAL | |
| campo de control de longitud fija | 220726b2017 mx adb|f |||| 001 0 spa d |
| 020 ## - NÚMERO INTERNACIONAL ESTÁNDAR DEL LIBRO | |
| Número Internacional Estándar del Libro | 9786074029475 |
| 040 ## - FUENTE DE LA CATALOGACIÓN | |
| Centro/agencia transcriptor | CHAP |
| 082 04 - NÚMERO DE LA CLASIFICACIÓN DECIMAL DEWEY | |
| Número de clasificación | 333.715 |
| Número de documento/Ítem | E56 |
| 245 00 - MENCIÓN DE TÍTULO | |
| Título | Un enfoque práctico para la sustentabilidad / |
| Mención de responsabilidad, etc. | coordinado por Víctor Manuel García Izaguirre |
| 264 #1 - PRODUCCIÓN, PUBLICACIÓN, DISTRIBUCIÓN, FABRICACIÓN Y COPYRIGHT | |
| Producción, publicación, distribución, fabricación y copyright | México : |
| Nombre del de productor, editor, distribuidor, fabricante | Plaza y Valdés, |
| Fecha de producción, publicación, distribución, fabricación o copyright | 2017. |
| 300 ## - DESCRIPCIÓN FÍSICA | |
| Extensión | 387 páginas |
| Otras características físicas | ilustraciones, cuadros, gráficas, mapas |
| 650 #2 - PUNTO DE ACCESO ADICIONAL DE MATERIA--TÉRMINO DE MATERIA | |
| 9 (RLIN) | 131313 |
| Término de materia o nombre geográfico como elemento de entrada | Desarrollo sustentable |
| Subdivisión general | Aspectos ambientales |
| 650 #2 - PUNTO DE ACCESO ADICIONAL DE MATERIA--TÉRMINO DE MATERIA | |
| 9 (RLIN) | 136893 |
| Término de materia o nombre geográfico como elemento de entrada | Desarrollo rural |
| Subdivisión general | Aspectos económicos |
| 700 1# - PUNTO DE ACCESO ADICIONAL--NOMBRE DE PERSONA | |
| 9 (RLIN) | 133639 |
| Nombre de persona | García Izaguirre, Víctor Manuel |
| 942 ## - ELEMENTOS DE PUNTO DE ACCESO ADICIONAL (KOHA) | |
| Fuente del sistema de clasificación o colocación | Dewey Decimal Classification |
| Tipo de ítem Koha | Libro |
| Estado de retiro | Estado de pérdida | Fuente del sistema de clasificación o colocación | Estado dañado | Restricciones de uso | No para préstamo | Código de colección | Localización permanente | Ubicación/localización actual | Ubicación en estantería | Fecha de adquisición | Total de préstamos | Signatura topográfica completa | Código de barras | Fecha visto por última vez | Precio válido a partir de | Tipo de ítem Koha | Número de copia |
|---|---|---|---|---|---|---|---|---|---|---|---|---|---|---|---|---|---|
| Dewey Decimal Classification | Préstamo 15 días | General | Biblioteca Central | Biblioteca Central | Planta alta - Colección General | 16/03/2023 | 333.715 E56 | 33724002566462 | 16/03/2023 | 16/03/2023 | Libro | ||||||
| Dewey Decimal Classification | Préstamo 15 días | General | Biblioteca Central | Biblioteca Central | Planta alta - Colección General | 16/03/2023 | 333.715 E56 | 33724002566421 | 16/03/2023 | 16/03/2023 | Libro | c.2 |
